000 01118nam a22002657a 4500
005 20170124102930.0
010 _aA-887747
020 _c00.00
_a818599904
035 _aA-887747
037 _bCen Lib/Ret
040 _aDPL
_bHN
082 _a822.08
_bचौहान
100 _aचौहान, देव किशन
_98394
245 _aसमसामयिक नाटकों में वर्ग चेतना /
_cदेव किशन चौहान
246 _aSamsaamyik natkon varg chetna /
_bby Dev Kishan Chauhan
260 _a दिल्ली
_bस्वराज प्रकाशन
_c1997
270 _bदिल्ली
_a146,डी-16, सेक्टर 7, रोहिणी
_e110085
300 _a408पृ
_c19सेमी(सजिल्द)
500 _aग्रन्थसूची शामिल
650 _aहिंदी साहित्य
_944690
650 _aहिंदी नाटक
_944691
650 _aHindi literature
_944692
650 _aHindi drama
_944693
942 _2ddc
_cHN
_h822.08
_mचौहान
999 _c111828
_d111828